Statistics for Portugal National Football Team Scorers 2010s

Click here to take the quiz!

General Stats

  • This quiz has been taken 445 times
    (426 since last reset)
  • The average score is 18 of 43

Answer Stats

GoalsLastPlayer% Correct
772019Cristiano Ronaldo
100%
52018Pepe
89%
62019Bernardo Silva
85%
162018André Silva
84%
182017Nani
84%
72018Ricardo Quaresma
81%
62017João Moutinho
75%
42019William Carvalho
72%
22019Bruno Fernandes
70%
12015Ricardo Carvalho
70%
52018Éder
68%
22019Danilo Pereira
58%
22016Raphaël Guerreiro
57%
12016Renato Sanches
57%
22017Manuel Fernandes
55%
32016João Cancelo
52%
52015Fábio Coentrão
50%
62016Bruno Alves
46%
162013Hélder Postiga
46%
62019Gonçalo Guedes
44%
22018João Mário
43%
132014Hugo Almeida
42%
72014Raul Meireles
39%
12013Ricardo Costa
35%
12017Cédric
34%
12018Hélder Costa
34%
12010Simão
27%
22010Tiago
26%
22015Miguel Veloso
25%
12015André André
22%
52014Silvestre Varela
22%
32019Pizzi
21%
22010Liedson
19%
22017Nélson Oliveira
16%
12010Carlos Martins
15%
12011Eliseu
14%
32011Danny
13%
12018Bruma
11%
12014Vieirinha
11%
12019Gonçalo Paciência
6%
12017Vitorino Antunes
5%
12014Edinho
4%
22011Rúben Micael
4%

Score Distribution

Percentile by Number Answered

Percent of People with Each Score

Your Score History

You have not taken this quiz since the last reset